Statistiques concernant Epic Pixel Battle - Saison 2

Cliquez ici pour prendre le quiz!

Statistiques générales

  • Ce quiz a été pris 14 fois
  • Le résultat moyen est 9 sur 12

Statistiques - réponses

SupportCombattant% Correct
ComicsSuperman
86%
Dessins animésDora
79%
Jeux vidéosLara Croft
79%
Dessins animésRainbow Dash
79%
AniméSaitama
79%
Jeux vidéosSonic
79%
JV et animéSacha
71%
AniméYugi
71%
Jeux vidéosDr mario
64%
Jeux vidéosWii Fit Trainer
64%
AniméZoro
64%
Livres et sériesZorro
64%

Distribution des résultats

Percentile par nombre de réponses

% des personnes avec chaque résultat

Votre développement - résultats

Vous n’avez pas pris ce quiz